| 000 | 00919cam a22002654a 4500 | ||
|---|---|---|---|
| 008 | |||
| 020 | _a9781437717853 (hbk.) | ||
| 049 | _aMAIN | ||
| 090 |
_aRD594.2 _bABD |
||
| 245 | 1 | 0 |
_aCerebral revascularization : _btechniques in extracranial-to-intracranial bypass surgery / _cedited by Saleem I. Abdulrauf. |
| 260 |
_aPhiladelphia, PA : _bElsevier Saunders, _c2011. |
||
| 300 |
_axliv, 378 p. : _bcol. ill. ; _c28 cm. |
||
| 500 | _aIncludes index. | ||
| 504 | _aIncludes bibliographical references. | ||
| 650 | 0 | _aCerebral revascularization. | |
| 650 | 0 |
_aCerebrovascular disease _xSurgery. |
|
| 650 | 1 | 2 |
_aCerebral Revascularization _xmethods. |
| 650 | 2 | 2 |
_aCerebrovascular Disorders _xsurgery. |
| 700 | _aAbdulrauf, Saleem I. | ||
| 907 |
_a.b10389246 _b04-12-18 _c20-02-18 |
||
| 003 | |||
| 005 | 20230120204236.0 | ||
| 040 | _cNUST | ||
| 942 |
_cBOOKS _kRD594.2 _mABD |
||
| 999 |
_c119674 _d119674 |
||